[Event "Deutsche Ländermeisterschaft 2021"]
[Site "Neumünster GER"]
[Date "2021.10.04"]
[Round "5"]
[White "Tovmasyan, Minas"]
[Black "Reucker, Friedrich"]
[Result "1-0"]
[Termination "normal"]
[Board "7.3"]
[WhiteElo "1820"]
[BlackElo "2031"]
[WhiteClock "00:01:10"]
[BlackClock "00:01:24"]
[WhiteTeam "Mecklenburg-Vorpommern"]
[BlackTeam "Thüringen"]
[PlyCount "73"]
[WhiteFideId "16247620"]
[BlackFideId "12993670"]
[EventCountry "GER"]
[EventRounds "7"]
[EventType "team-swiss"]
[EventDate "2021.10.01"]

1. d4 {[%clk 1:30:53]} Nf6 {[%clk 1:30:46]} 2. c4 {[%clk 1:31:18]} c5 {[%clk
1:30:39]} 3. d5 {[%clk 1:30:46]} e6 {[%clk 1:30:58]} 4. Nc3 {[%clk 1:31:10]}
exd5 {[%clk 1:31:22]} 5. cxd5 {[%clk 1:31:35]} d6 {[%clk 1:31:45]} 6. Nf3
{[%clk 1:31:56]} g6 {[%clk 1:32:10]} 7. Nd2 {[%clk 1:32:21]} Bg7 {[%clk
1:32:05]} 8. e4 {[%clk 1:32:46]} O-O {[%clk 1:32:31]} 9. Be2 {[%clk 1:33:09]}
Na6 {[%clk 1:31:44]} 10. O-O {[%clk 1:31:57]} Nc7 {[%clk 1:32:02]} 11. a4
{[%clk 1:26:18]} b6 {[%clk 1:29:51]} 12. Kh1 {[%clk 1:12:21]} Re8 {[%clk
1:28:14]} 13. f3 {[%clk 1:08:12]} Rb8 {[%clk 1:27:26]} 14. Nc4 {[%clk 1:06:33]}
Ba6 {[%clk 1:27:49]} 15. Bf4 {[%clk 1:01:35]} Bxc4 {[%clk 1:25:37]} 16. Bxc4
{[%clk 1:01:52]} a6 {[%clk 1:10:07]} 17. Qd3 {[%clk 0:53:11]} Ra8 {[%clk
0:58:15]} 18. Rae1 {[%clk 0:30:58]} Nh5 {[%clk 0:31:24]} 19. Bd2 {[%clk
0:30:43]} Qh4 {[%clk 0:21:44]} 20. f4 {[%clk 0:28:47]} Bd4 {[%clk 0:20:43]} 21.
g3 {[%clk 0:13:53]} Qh3 {[%clk 0:20:01]} 22. Qf3 {[%clk 0:11:54]} Bxc3 {[%clk
0:07:47]} 23. Bxc3 {[%clk 0:10:41]} b5 {[%clk 0:08:12]} 24. Ba5 {[%clk
0:08:41]} bxc4 {[%clk 0:07:43]} 25. Bxc7 {[%clk 0:09:05]} Qd7 {[%clk 0:08:04]}
26. Ba5 {[%clk 0:08:25]} f6 {[%clk 0:03:42]} 27. Bc3 {[%clk 0:08:04]} Rf8
{[%clk 0:04:07]} 28. Qe2 {[%clk 0:05:44]} Rae8 {[%clk 0:02:54]} 29. Kg2 {[%clk
0:04:11]} Qxa4 {[%clk 0:02:45]} 30. Ra1 {[%clk 0:03:02]} Qb5 {[%clk 0:01:20]}
31. Ra5 {[%clk 0:03:25]} Qb3 {[%clk 0:01:39]} 32. g4 {[%clk 0:02:06]} Ng7
{[%clk 0:01:59]} 33. Rxa6 {[%clk 0:01:53]} Rd8 {[%clk 0:02:22]} 34. Rfa1 {[%clk
0:01:21]} Ne8 {[%clk 0:01:16]} 35. R1a3 {[%clk 0:00:42]} Qb5 {[%clk 0:01:13]}
36. Ra7 {[%clk 0:00:56]} Rd7 {[%clk 0:01:24]} 37. R3a5 {[%clk 0:01:10]} 1-0

[Event "Deutsche Ländermeisterschaft 2021"]
[Site "Neumünster GER"]
[Date "2021.10.04"]
[Round "5"]
[White "Nguyen, Ha Thanh"]
[Black "Schott, Andy"]
[Result "1/2-1/2"]
[Termination "normal"]
[Board "7.4"]
[WhiteElo "2001"]
[BlackElo "1504"]
[WhiteClock "00:15:38"]
[BlackClock "00:04:42"]
[WhiteTeam "Thüringen"]
[BlackTeam "Mecklenburg-Vorpommern"]
[PlyCount "88"]
[WhiteFideId "12942154"]
[BlackFideId "16244940"]
[EventCountry "GER"]
[EventRounds "7"]
[EventType "team-swiss"]
[EventDate "2021.10.01"]

1. e4 {[%clk 1:30:57]} c5 {[%clk 1:30:54]} 2. Nf3 {[%clk 1:31:19]} d6 {[%clk
1:31:19]} 3. d4 {[%clk 1:31:43]} cxd4 {[%clk 1:31:46]} 4. Nxd4 {[%clk 1:32:07]}
Nf6 {[%clk 1:32:10]} 5. Nc3 {[%clk 1:32:26]} a6 {[%clk 1:32:35]} 6. Be2 {[%clk
1:32:15]} e6 {[%clk 1:32:47]} 7. a4 {[%clk 1:31:51]} Be7 {[%clk 1:33:11]} 8.
O-O {[%clk 1:31:58]} O-O {[%clk 1:33:34]} 9. Kh1 {[%clk 1:30:54]} b6 {[%clk
1:32:40]} 10. f4 {[%clk 1:26:22]} Qc7 {[%clk 1:31:06]} 11. Bf3 {[%clk 1:25:04]}
Bb7 {[%clk 1:31:02]} 12. f5 {[%clk 1:10:52]} e5 {[%clk 1:28:30]} 13. Nde2
{[%clk 1:10:43]} Nbd7 {[%clk 1:27:15]} 14. g4 {[%clk 1:10:03]} Nc5 {[%clk
1:23:31]} 15. Ng3 {[%clk 1:09:45]} h6 {[%clk 1:23:19]} 16. Nd5 {[%clk 0:52:56]}
Bxd5 {[%clk 1:14:37]} 17. exd5 {[%clk 0:52:46]} Qd7 {[%clk 1:12:39]} 18. b3
{[%clk 0:42:25]} b5 {[%clk 1:04:39]} 19. Be3 {[%clk 0:31:01]} Rfc8 {[%clk
1:04:24]} 20. axb5 {[%clk 0:30:21]} Qxb5 {[%clk 1:03:15]} 21. Bg2 {[%clk
0:23:23]} Ncd7 {[%clk 0:55:22]} 22. Rb1 {[%clk 0:13:42]} Qb4 {[%clk 0:40:43]}
23. c4 {[%clk 0:08:46]} Rab8 {[%clk 0:35:35]} 24. Be4 {[%clk 0:05:58]} Nc5
{[%clk 0:32:07]} 25. Bc2 {[%clk 0:06:15]} a5 {[%clk 0:30:28]} 26. Bd2 {[%clk
0:05:56]} Qb6 {[%clk 0:27:41]} 27. h3 {[%clk 0:03:43]} Nfd7 {[%clk 0:17:21]}
28. Be3 {[%clk 0:03:05]} Qa6 {[%clk 0:13:36]} 29. Nh5 {[%clk 0:02:32]} Nf6
{[%clk 0:09:51]} 30. Nxf6+ {[%clk 0:02:31]} Bxf6 {[%clk 0:10:19]} 31. Qe2
{[%clk 0:01:43]} Bg5 {[%clk 0:03:31]} 32. Bxc5 {[%clk 0:02:01]} Rxc5 {[%clk
0:03:55]} 33. Qd3 {[%clk 0:02:02]} a4 {[%clk 0:02:02]} 34. bxa4 {[%clk
0:01:43]} Rxb1 {[%clk 0:01:43]} 35. Rxb1 {[%clk 0:02:12]} Qxc4 {[%clk 0:01:42]}
36. Qxc4 {[%clk 0:01:56]} Rxc4 {[%clk 0:02:11]} 37. Rb8+ {[%clk 0:02:10]} Kh7
{[%clk 0:02:27]} 38. Bb3 {[%clk 0:02:22]} Rc1+ {[%clk 0:01:16]} 39. Kg2 {[%clk
0:02:50]} Be3 {[%clk 0:01:21]} 40. Rb5 {[%clk 0:01:44]} Bc5 {[%clk 0:01:09]}
41. Rb7 {[%clk 0:25:55]} Rb1 {[%clk 0:24:23]} 42. a5 {[%clk 0:16:43]} e4 {[%clk
0:10:54]} 43. a6 {[%clk 0:16:17]} e3 {[%clk 0:06:37]} 44. Bc4 {[%clk 0:15:38]}
Rxb7 {[%clk 0:04:42]} 1/2-1/2

[Event "Deutsche Ländermeisterschaft 2021"]
[Site "Neumünster GER"]
[Date "2021.10.04"]
[Round "5"]
[White "Herrmann, Jakob"]
[Black "Bock, Marlon"]
[Result "1/2-1/2"]
[Termination "normal"]
[Board "7.5"]
[WhiteElo "1538"]
[BlackElo "1727"]
[WhiteClock "00:10:26"]
[BlackClock "00:07:45"]
[WhiteTeam "Mecklenburg-Vorpommern"]
[BlackTeam "Thüringen"]
[PlyCount "72"]
[WhiteFideId "16287169"]
[BlackFideId "16244931"]
[EventCountry "GER"]
[EventRounds "7"]
[EventType "team-swiss"]
[EventDate "2021.10.01"]

1. e4 {[%clk 1:30:57]} e5 {[%clk 1:30:55]} 2. Nf3 {[%clk 1:31:24]} Nc6 {[%clk
1:31:19]} 3. d4 {[%clk 1:31:51]} exd4 {[%clk 1:31:34]} 4. Nxd4 {[%clk 1:32:19]}
Bb4+ {[%clk 1:31:43]} 5. c3 {[%clk 1:32:43]} Bc5 {[%clk 1:31:58]} 6. Be3 {[%clk
1:33:09]} Bb6 {[%clk 1:32:13]} 7. Qg4 {[%clk 1:33:33]} Qf6 {[%clk 1:21:09]} 8.
Qg3 {[%clk 1:33:43]} d6 {[%clk 1:07:19]} 9. Nb5 {[%clk 1:33:24]} Bxe3 {[%clk
0:55:31]} 10. fxe3 {[%clk 1:31:37]} Kd8 {[%clk 0:54:17]} 11. Nd2 {[%clk
1:28:27]} Ne5 {[%clk 0:51:07]} 12. O-O-O {[%clk 1:19:38]} Bg4 {[%clk 0:46:40]}
13. Nf3 {[%clk 1:18:52]} a6 {[%clk 0:38:33]} 14. Qxe5 {[%clk 1:05:05]} axb5
{[%clk 0:31:28]} 15. Qxb5 {[%clk 1:02:32]} Bxf3 {[%clk 0:26:14]} 16. e5 {[%clk
0:59:02]} Qf5 {[%clk 0:22:20]} 17. gxf3 {[%clk 0:54:54]} Rxa2 {[%clk 0:18:37]}
18. Qxb7 {[%clk 0:49:55]} Ra1+ {[%clk 0:17:17]} 19. Kd2 {[%clk 0:50:18]} Rxd1+
{[%clk 0:17:17]} 20. Kxd1 {[%clk 0:50:47]} Qxe5 {[%clk 0:16:47]} 21. Qb8+
{[%clk 0:49:16]} Kd7 {[%clk 0:16:23]} 22. Bb5+ {[%clk 0:48:33]} Ke6 {[%clk
0:16:04]} 23. Qc8+ {[%clk 0:34:27]} Kf6 {[%clk 0:14:18]} 24. Qxc7 {[%clk
0:34:15]} Ne7 {[%clk 0:12:57]} 25. Qb6 {[%clk 0:16:36]} Ra8 {[%clk 0:11:33]}
26. Kc2 {[%clk 0:15:55]} Nd5 {[%clk 0:11:14]} 27. Qd4 {[%clk 0:13:05]} Nxe3+
{[%clk 0:10:34]} 28. Kd3 {[%clk 0:13:14]} Qxd4+ {[%clk 0:09:34]} 29. Kxd4
{[%clk 0:12:35]} Nf5+ {[%clk 0:08:50]} 30. Kd3 {[%clk 0:11:55]} Rb8 {[%clk
0:08:52]} 31. c4 {[%clk 0:11:46]} d5 {[%clk 0:08:43]} 32. b3 {[%clk 0:11:58]}
Nd6 {[%clk 0:08:09]} 33. Ba4 {[%clk 0:10:46]} dxc4+ {[%clk 0:08:14]} 34. bxc4
{[%clk 0:11:14]} Rb4 {[%clk 0:08:05]} 35. Bb5 {[%clk 0:09:58]} Nxb5 {[%clk
0:07:41]} 36. cxb5 {[%clk 0:10:26]} Rxb5 {[%clk 0:07:45]} 1/2-1/2

[Event "Deutsche Ländermeisterschaft 2021"]
[Site "Neumünster GER"]
[Date "2021.10.04"]
[Round "5"]
[White "Aniol, Nico"]
[Black "Müller, Sophie Charlotte"]
[Result "1/2-1/2"]
[Termination "normal"]
[Board "7.6"]
[WhiteElo "1464"]
[BlackElo "1554"]
[WhiteClock "00:20:52"]
[BlackClock "00:03:21"]
[WhiteTeam "Thüringen"]
[BlackTeam "Mecklenburg-Vorpommern"]
[PlyCount "83"]
[WhiteFideId "16287096"]
[BlackFideId "16246683"]
[EventCountry "GER"]
[EventRounds "7"]
[EventType "team-swiss"]
[EventDate "2021.10.01"]

1. e4 {[%clk 1:30:44]} d5 {[%clk 1:30:51]} 2. exd5 {[%clk 1:30:39]} Qxd5 {[%clk
1:31:15]} 3. Nc3 {[%clk 1:30:34]} Qa5 {[%clk 1:31:18]} 4. d4 {[%clk 1:30:18]}
Nf6 {[%clk 1:31:18]} 5. Bc4 {[%clk 1:30:01]} Bf5 {[%clk 1:31:17]} 6. Nf3 {[%clk
1:28:37]} c6 {[%clk 1:30:43]} 7. Bd2 {[%clk 1:23:40]} e6 {[%clk 1:29:52]} 8. a3
{[%clk 1:13:00]} Qc7 {[%clk 1:28:29]} 9. h3 {[%clk 1:09:49]} Bd6 {[%clk
1:26:15]} 10. Be3 {[%clk 1:09:14]} Nbd7 {[%clk 1:25:30]} 11. Qe2 {[%clk
1:07:31]} b5 {[%clk 1:24:52]} 12. Bd3 {[%clk 1:06:41]} Bxd3 {[%clk 1:25:09]}
13. Qxd3 {[%clk 1:06:52]} a5 {[%clk 1:24:21]} 14. O-O {[%clk 1:06:15]} O-O
{[%clk 1:22:39]} 15. Ng5 {[%clk 1:02:23]} Rfd8 {[%clk 1:19:30]} 16. Nge4 {[%clk
1:00:53]} Nxe4 {[%clk 1:17:30]} 17. Nxe4 {[%clk 1:01:10]} Be7 {[%clk 1:13:02]}
18. Qe2 {[%clk 0:59:40]} Nf6 {[%clk 1:08:10]} 19. Nxf6+ {[%clk 0:54:19]} Bxf6
{[%clk 1:08:37]} 20. Rfd1 {[%clk 0:53:42]} Rd7 {[%clk 1:04:14]} 21. Rd2 {[%clk
0:51:15]} Rad8 {[%clk 1:02:24]} 22. Rad1 {[%clk 0:51:29]} Qb8 {[%clk 0:57:52]}
23. Qf3 {[%clk 0:48:54]} Qb7 {[%clk 0:52:27]} 24. b3 {[%clk 0:45:49]} e5 {[%clk
0:47:51]} 25. dxe5 {[%clk 0:45:30]} Bxe5 {[%clk 0:47:00]} 26. Qf5 {[%clk
0:45:16]} Rxd2 {[%clk 0:44:23]} 27. Rxd2 {[%clk 0:45:29]} Bf6 {[%clk 0:41:17]}
28. Rxd8+ {[%clk 0:42:55]} Bxd8 {[%clk 0:41:45]} 29. Qe5 {[%clk 0:41:44]} Qd7
{[%clk 0:38:52]} 30. Qb8 {[%clk 0:37:15]} Qc7 {[%clk 0:37:32]} 31. Qxc7 {[%clk
0:34:35]} Bxc7 {[%clk 0:37:33]} 32. Kf1 {[%clk 0:34:58]} f5 {[%clk 0:37:47]}
33. Ke2 {[%clk 0:34:50]} Kf7 {[%clk 0:37:17]} 34. Bc5 {[%clk 0:33:10]} h5
{[%clk 0:29:36]} 35. a4 {[%clk 0:27:04]} g5 {[%clk 0:25:35]} 36. f3 {[%clk
0:26:03]} g4 {[%clk 0:18:23]} 37. fxg4 {[%clk 0:25:05]} fxg4 {[%clk 0:18:37]}
38. hxg4 {[%clk 0:25:06]} hxg4 {[%clk 0:19:04]} 39. Ke3 {[%clk 0:24:59]} Kf6
{[%clk 0:17:50]} 40. Ke4 {[%clk 0:24:40]} Ke6 {[%clk 0:09:47]} 41. Bf8 {[%clk
0:22:29]} Be5 {[%clk 0:03:21]} 42. Bc5 {[%clk 0:20:52]} 1/2-1/2

[Event "Deutsche Ländermeisterschaft 2021"]
[Site "Neumünster GER"]
[Date "2021.10.04"]
[Round "5"]
[White "Khanbekyan, Nare"]
[Black "Eichhorn, Mathilda"]
[Result "0-1"]
[Termination "normal"]
[Board "7.7"]
[WhiteElo "1252"]
[BlackElo "1329"]
[WhiteClock "00:54:56"]
[BlackClock "00:28:22"]
[WhiteTeam "Mecklenburg-Vorpommern"]
[BlackTeam "Thüringen"]
[PlyCount "130"]
[WhiteFideId "16270916"]
[BlackFideId "16242289"]
[EventCountry "GER"]
[EventRounds "7"]
[EventType "team-swiss"]
[EventDate "2021.10.01"]

1. e4 {[%clk 1:30:58]} e6 {[%clk 1:30:53]} 2. d4 {[%clk 1:31:20]} d5 {[%clk
1:31:17]} 3. Nc3 {[%clk 1:31:38]} Bb4 {[%clk 1:31:32]} 4. e5 {[%clk 1:31:42]}
c5 {[%clk 1:31:41]} 5. Bd2 {[%clk 1:30:04]} cxd4 {[%clk 1:29:20]} 6. Nb5 {[%clk
1:28:22]} Bc5 {[%clk 1:25:21]} 7. Qg4 {[%clk 1:24:57]} g6 {[%clk 1:23:54]} 8.
Nxd4 {[%clk 1:23:56]} Qb6 {[%clk 1:18:44]} 9. Bc3 {[%clk 1:21:04]} Nc6 {[%clk
1:16:25]} 10. Ngf3 {[%clk 1:18:36]} Nxd4 {[%clk 0:44:57]} 11. Nxd4 {[%clk
1:17:02]} Bd7 {[%clk 0:31:03]} 12. Rd1 {[%clk 1:11:31]} Ne7 {[%clk 0:25:44]}
13. Be2 {[%clk 1:06:08]} Bb4 {[%clk 0:21:41]} 14. Qf3 {[%clk 0:59:59]} Bxc3+
{[%clk 0:19:56]} 15. Qxc3 {[%clk 0:59:30]} Rc8 {[%clk 0:19:49]} 16. Qb3 {[%clk
0:52:32]} Qa5+ {[%clk 0:17:10]} 17. c3 Nc6 {[%clk 0:12:46]} 18. Bb5 {[%clk
0:45:15]} Nxd4 {[%clk 0:12:25]} 19. Bxd7+ {[%clk 0:45:25]} Kxd7 {[%clk
0:12:12]} 20. Rxd4 {[%clk 0:45:26]} b5 {[%clk 0:08:07]} 21. Qb4 {[%clk
0:41:36]} Qxb4 {[%clk 0:05:04]} 22. Rxb4 {[%clk 0:41:36]} Rc5 {[%clk 0:04:39]}
23. a4 {[%clk 0:38:55]} a5 {[%clk 0:03:56]} 24. Rxb5 {[%clk 0:38:45]} Rxb5
{[%clk 0:04:21]} 25. axb5 {[%clk 0:38:39]} Rb8 {[%clk 0:04:44]} 26. Kd2 {[%clk
0:37:04]} Rxb5 {[%clk 0:05:07]} 27. Rb1 {[%clk 0:36:43]} Kc6 {[%clk 0:04:24]}
28. b4 {[%clk 0:35:41]} d4 {[%clk 0:02:01]} 29. cxd4 axb4 {[%clk 0:02:15]} 30.
f4 {[%clk 0:34:56]} Kd5 {[%clk 0:02:39]} 31. Kd3 {[%clk 0:35:12]} b3 {[%clk
0:02:33]} 32. g3 {[%clk 0:34:13]} Rb6 {[%clk 0:02:43]} 33. Rc1 {[%clk 0:30:52]}
Rb5 {[%clk 0:02:46]} 34. Rb1 {[%clk 0:30:51]} b2 {[%clk 0:03:10]} 35. h3 {[%clk
0:30:19]} h5 {[%clk 0:03:22]} 36. g4 {[%clk 0:29:36]} hxg4 {[%clk 0:03:27]} 37.
hxg4 {[%clk 0:30:00]} Rb6 {[%clk 0:03:42]} 38. Kc3 {[%clk 0:21:45]} Ke4 {[%clk
0:03:49]} 39. f5 {[%clk 0:21:47]} gxf5 {[%clk 0:03:43]} 40. gxf5 {[%clk
0:22:06]} Kxf5 {[%clk 0:04:05]} 41. Kc4 {[%clk 0:20:51]} Ke4 {[%clk 0:30:02]}
42. Kc3 {[%clk 0:50:33]} Rc6+ {[%clk 0:29:02]} 43. Kxb2 {[%clk 0:50:20]} Rb6+
{[%clk 0:29:26]} 44. Kc2 {[%clk 0:50:29]} Rxb1 {[%clk 0:29:52]} 45. Kxb1 {[%clk
0:50:53]} Kxd4 {[%clk 0:30:14]} 46. Kc2 {[%clk 0:50:57]} Kxe5 {[%clk 0:30:38]}
47. Kd3 {[%clk 0:51:18]} f5 {[%clk 0:30:37]} 48. Ke3 {[%clk 0:51:18]} Kf6
{[%clk 0:30:50]} 49. Kf4 {[%clk 0:51:32]} Kg6 {[%clk 0:31:01]} 50. Kf3 {[%clk
0:51:39]} Kg5 {[%clk 0:31:17]} 51. Kg3 {[%clk 0:51:51]} e5 {[%clk 0:31:19]} 52.
Kf3 {[%clk 0:52:14]} f4 {[%clk 0:30:35]} 53. Kf2 {[%clk 0:52:31]} e4 {[%clk
0:30:14]} 54. Ke2 {[%clk 0:52:49]} f3+ {[%clk 0:30:10]} 55. Ke3 {[%clk
0:52:57]} Kf5 {[%clk 0:29:34]} 56. Kf2 {[%clk 0:53:04]} Kf4 {[%clk 0:29:28]}
57. Kf1 {[%clk 0:53:24]} e3 {[%clk 0:29:40]} 58. Ke1 {[%clk 0:53:49]} Ke4
{[%clk 0:28:49]} 59. Kf1 {[%clk 0:54:03]} Kd3 {[%clk 0:29:03]} 60. Ke1 {[%clk
0:54:13]} e2 {[%clk 0:29:12]} 61. Kf2 {[%clk 0:53:51]} Kd2 {[%clk 0:29:31]} 62.
Kg1 {[%clk 0:53:58]} e1=Q+ {[%clk 0:29:27]} 63. Kh2 {[%clk 0:54:15]} f2 {[%clk
0:29:16]} 64. Kg3 {[%clk 0:54:28]} f1=Q+ {[%clk 0:28:22]} 65. Kh2 {[%clk
0:54:56]} Qef2# 0-1

[Event "Deutsche Ländermeisterschaft 2021"]
[Site "Neumünster GER"]
[Date "2021.10.04"]
[Round "5"]
[White "Blaufuß, Lena"]
[Black "Chandrasekher, Ritu"]
[Result "1/2-1/2"]
[Termination "normal"]
[Board "7.8"]
[WhiteElo "1182"]
[BlackElo "1307"]
[WhiteClock "00:13:12"]
[BlackClock "01:13:09"]
[WhiteTeam "Thüringen"]
[BlackTeam "Mecklenburg-Vorpommern"]
[PlyCount "165"]
[WhiteFideId "34610642"]
[BlackFideId "34609024"]
[EventCountry "GER"]
[EventRounds "7"]
[EventType "team-swiss"]
[EventDate "2021.10.01"]

1. e4 {[%clk 1:30:57]} e5 {[%clk 1:30:56]} 2. Nf3 Nc6 {[%clk 1:31:20]} 3. Bc4
{[%clk 1:31:14]} Bc5 {[%clk 1:31:40]} 4. c3 {[%clk 1:31:15]} Nf6 {[%clk
1:31:58]} 5. d4 {[%clk 1:30:39]} exd4 {[%clk 1:31:46]} 6. cxd4 {[%clk 1:28:40]}
Bb4+ {[%clk 1:31:03]} 7. Bd2 {[%clk 1:26:10]} O-O {[%clk 1:30:17]} 8. e5 {[%clk
1:23:41]} Bxd2+ {[%clk 1:29:45]} 9. Nbxd2 {[%clk 1:22:10]} d5 {[%clk 1:29:28]}
10. exf6 {[%clk 1:16:15]} dxc4 {[%clk 1:29:18]} 11. fxg7 {[%clk 1:13:37]} Re8+
{[%clk 1:29:22]} 12. Kf1 {[%clk 1:10:22]} Nxd4 {[%clk 1:28:39]} 13. Nxc4 {[%clk
1:07:36]} Nxf3 {[%clk 1:27:15]} 14. Qxd8 {[%clk 1:03:24]} Nxh2+ {[%clk
1:26:43]} 15. Rxh2 {[%clk 1:02:15]} Rxd8 {[%clk 1:27:01]} 16. Re1 {[%clk
0:59:18]} Bf5 {[%clk 1:26:31]} 17. b3 {[%clk 0:56:09]} Kxg7 {[%clk 1:26:11]}
18. Rh4 {[%clk 0:53:10]} b6 {[%clk 1:24:40]} 19. Rf4 {[%clk 0:52:09]} Bd3+
{[%clk 1:24:28]} 20. Kg1 {[%clk 0:52:08]} Re8 {[%clk 1:23:04]} 21. Ne3 {[%clk
0:49:42]} Rad8 {[%clk 1:22:00]} 22. Ra4 {[%clk 0:47:00]} a6 23. a3 f6 {[%clk
1:15:59]} 24. Rg4+ {[%clk 0:46:08]} Kf7 {[%clk 1:15:39]} 25. b4 {[%clk
0:44:32]} h5 {[%clk 1:15:01]} 26. Rh4 {[%clk 0:44:18]} Kg6 {[%clk 1:15:00]} 27.
Rh3 {[%clk 0:43:01]} Bb5 {[%clk 1:13:30]} 28. Rg3+ {[%clk 0:42:11]} Kh7 {[%clk
1:12:47]} 29. Rf3 {[%clk 0:41:29]} Rd6 {[%clk 1:11:45]} 30. Rh3 {[%clk
0:38:56]} Kg6 {[%clk 1:09:08]} 31. Rg3+ {[%clk 0:38:46]} Kf7 {[%clk 1:09:23]}
32. Rh3 {[%clk 0:38:29]} Re5 {[%clk 1:09:20]} 33. f4 {[%clk 0:35:23]} Re4
{[%clk 1:08:51]} 34. f5 {[%clk 0:33:42]} Rd3 {[%clk 1:08:41]} 35. Kf2 {[%clk
0:31:57]} Rxa3 {[%clk 1:08:31]} 36. Rxh5 {[%clk 0:29:56]} Kg7 {[%clk 1:08:09]}
37. Rh3 {[%clk 0:27:55]} Ra2+ {[%clk 1:07:30]} 38. Kg1 {[%clk 0:26:18]} Kf8
{[%clk 1:07:16]} 39. Rh8+ {[%clk 0:24:53]} Ke7 {[%clk 1:06:39]} 40. Nd5+ {[%clk
0:20:45]} Kd6 {[%clk 1:05:52]} 41. Rxe4 {[%clk 0:16:53]} Kxd5 {[%clk 1:06:03]}
42. Rhe8 {[%clk 0:15:23]} Ra1+ {[%clk 1:05:27]} 43. Re1 {[%clk 0:12:00]} Ra4
{[%clk 1:04:06]} 44. Rf8 {[%clk 0:08:55]} Rxb4 {[%clk 0:59:18]} 45. Rxf6 {[%clk
0:08:20]} a5 {[%clk 0:59:23]} 46. Rf8 {[%clk 0:06:26]} a4 {[%clk 0:59:20]} 47.
f6 {[%clk 0:06:18]} Rf4 {[%clk 0:53:47]} 48. f7 {[%clk 0:03:36]} Kc4 {[%clk
0:52:06]} 49. Rf1 {[%clk 0:29:58]} Rxf1+ {[%clk 1:20:39]} 50. Kxf1 {[%clk
0:29:29]} Kd5+ {[%clk 1:20:29]} 51. Ke1 {[%clk 0:29:21]} Ke6 {[%clk 1:20:46]}
52. Kd1 {[%clk 0:27:49]} Ke7 {[%clk 1:21:01]} 53. Rc8 {[%clk 0:26:43]} Kxf7
{[%clk 1:21:11]} 54. Rxc7+ {[%clk 0:26:51]} Kf6 {[%clk 1:20:52]} 55. Rc2 {[%clk
0:25:47]} Kf5 {[%clk 1:20:38]} 56. Rc3 {[%clk 0:24:59]} Ke4 {[%clk 1:20:25]}
57. Kc2 {[%clk 0:23:05]} Kd4 {[%clk 1:19:35]} 58. Kb2 {[%clk 0:19:49]} Bc4
{[%clk 1:19:28]} 59. Ra3 {[%clk 0:18:38]} b5 {[%clk 1:18:58]} 60. Kc2 {[%clk
0:16:25]} Ke5 {[%clk 1:19:02]} 61. Re3+ {[%clk 0:15:53]} Kd4 {[%clk 1:19:01]}
62. Ra3 {[%clk 0:15:22]} Ke4 {[%clk 1:19:11]} 63. Ra1 {[%clk 0:14:02]} Bb3+
{[%clk 1:18:06]} 64. Kb2 {[%clk 0:13:56]} Kd4 {[%clk 1:18:04]} 65. Ka3 {[%clk
0:13:53]} Kc5 {[%clk 1:16:34]} 66. Rc1+ {[%clk 0:13:27]} Kb6 {[%clk 1:16:06]}
67. Rb1 {[%clk 0:12:56]} Bc4 {[%clk 1:15:38]} 68. Rb4 {[%clk 0:11:48]} Ka5
{[%clk 1:15:37]} 69. g4 {[%clk 0:11:49]} Bg8 {[%clk 1:15:11]} 70. g5 {[%clk
0:12:05]} Bf7 {[%clk 1:14:50]} 71. Rg4 {[%clk 0:11:57]} Bg6 {[%clk 1:14:35]}
72. Rf4 {[%clk 0:11:54]} Bd3 {[%clk 1:12:46]} 73. Rg4 {[%clk 0:12:02]} Bg6
{[%clk 1:12:37]} 74. Rf4 {[%clk 0:12:25]} Be8 {[%clk 1:12:36]} 75. Rg4 {[%clk
0:12:35]} Bf7 {[%clk 1:12:56]} 76. g6 {[%clk 0:12:38]} Bg8 {[%clk 1:13:24]} 77.
g7 {[%clk 0:12:49]} Bf7 {[%clk 1:12:53]} 78. Rf4 {[%clk 0:12:53]} Bb3 {[%clk
1:12:58]} 79. Rg4 {[%clk 0:12:40]} Be6 {[%clk 1:12:56]} 80. Rf4 {[%clk
0:12:35]} Bb3 {[%clk 1:13:07]} 81. Rg4 {[%clk 0:12:41]} Bf7 {[%clk 1:13:15]}
82. Rf4 {[%clk 0:12:56]} Bg8 {[%clk 1:13:09]} 83. Rg4 {[%clk 0:13:12]} 1/2-1/2